000 00667nam a2200241 i 4500
001 bg
100 1 _aGOMUŁOWICZ, Andrzej
245 1 0 _aPodatki i prawo podatkowe /
_cAndrzej Gomułowicz, Jerzy Małecki.
250 _aWyd.3 zaktual. i rozszerz.
260 _aPoznań :
_b"Ars Boni et Aequi",
_c1998.
300 _a528 s. ;
_c22 cm.
650 9 _aPodatek
_xprawo
_zPolska
650 9 _aPodatek
_xteoria
655 _aPodręczniki akademickie
700 1 _aMAŁECKI, Jerzy
020 _a8387148156
040 _cBPK
041 0 _apol
080 _a336.2(438)(075.8)
920 _a83-87148-15-6
942 _cKS
008 s pl f |000 0 pol
999 _c33675
_d33675
856 _uhttp://koha.tu.koszalin.pl/cgi-bin/koha/opac-detail.pl?biblionumber=33675
_yKatalog online BPK